| 000 | 00451nam a2200169 a 4500 | ||
|---|---|---|---|
| 001 | 60672 | ||
| 005 | 20180714062022.0 | ||
| 008 | 140415s2010 xxu 000 0 eng d | ||
| 020 | _a9780136156734 | ||
| 041 | _aeng | ||
| 082 |
_a629.8 _bOGA |
||
| 100 | 1 | _aOgata, Katsuhiko. | |
| 245 | 1 | 0 | _aMIODERN CONTROL ENGINEERING |
| 250 | _a5ed. | ||
| 260 |
_aESTADOS UNIDOS DE AMERICA : _bPRENTICE HALL, _c2010, 1970 |
||
| 650 | 1 | 4 | _aINGENIERIA |
| 999 |
_c60672 _d60672 |
||